The gospel of buddha / (Record no. 143384)

MARC details
000 -LEADER
fixed length control field 00542nam a22001937a 4500
005 - DATE AND TIME OF LATEST TRANSACTION
control field 20170816111003.0
010 ## - LCCN (DPL NO)
LC control number ENG-119689
020 ## - INTERNATIONAL STANDARD BOOK NUMBER
Terms of availability 650.00
International Standard Book Number 9788190843188
035 ## - SYSTEM CONTROL NUMBER
System control number EN-103221
037 ## - SOURCE OF ACQUISITION
Source of stock number/acquisition DBAD/PUB
082 ## - DEWEY DECIMAL CLASSIFICATION NUMBER
Classification number 250.33
100 ## - MAIN ENTRY--PERSONAL NAME
Personal name Carus, Paul
245 ## - TITLE STATEMENT
Title The gospel of buddha /
Statement of responsibility, etc by Paul Carus
260 ## - PUBLICATION, DISTRIBUTION, ETC. (IMPRINT)
Place of publication, distribution, etc Delhi
Name of publisher, distributor, etc Maheshwari Publication
Date of publication, distribution, etc 2016
270 ## - ADDRESS
Address G-4/120, Sector-15, Rohini,
City Delhi
Postal code 110007
300 ## - PHYSICAL DESCRIPTION
Extent xi,218p.
Dimensions 22cm(Hb)
500 ## - GENERAL NOTE
General note Includes index
942 ## - ADDED ENTRY ELEMENTS (KOHA)
Source of classification or shelving scheme Dewey Decimal Classification
Item type English Books
Classification part 250.33
Call number suffix CAR
Holdings
Withdrawn status Lost status Not for loan Collection code Home library Current library Date acquired Source of acquisition Cost, normal purchase price Full call number Barcode Copy number Cost, replacement price Koha item type
      Non-fiction Central Jail Tihar Central Jail Tihar 16/08/2017 DBAD/PUB 650.00 250.33 CAR EN-103221 1 650.00 English Books

© Delhi Public Library
Hit Counter
free hit counter